000 00642nam a22001937a 4500
999 _c193209
_d193209
005 20221206104641.0
010 _aENG-135466
020 _a9789391490294
_c680.00
035 _aEN-118998
037 _bDBAD/PUB
082 _a306.42
100 _aChakrabarti, Swarup K.
245 _aConvergence of science and society:
_bpandemic 2020/
_cby Swarup K. Chakrabarti
260 _aNew Delhi
_bKW Publishes pvt. ltd.
_c2021
270 _a4676/21, first floor, ansari road, daryaganj
_bNew Delhi
_e110002
_k011-43528107
_mkw@kwpub.in
300 _a198p.
_c23cm(pbk)
505 _aPandemic 2020
942 _2ddc
_cEN
_mCHA
_h306.42